El puerto de Valparaíso: memoria dedicada al alto comercio de Valparaíso

Guardat en:
Dades bibliogràfiques
Format: Llibre
Idioma:espanyol
Publicat: Santiago, Chile Universitaria 1912
Matèries:
Etiquetes: Afegir etiqueta
Sense etiquetes, Sigues el primer a etiquetar aquest registre!

MARC

LEADER 00000nam a2200000 a 4500
001 UCO2645
003 CL-VaPUC
005 20210804001430.0
008 000608e19120000CL |||||||||||||||||spa|d
999 |c 289148  |d 289146 
040 |c Pontificia Universidad Católica de Valparaíso 
082 0 4 |a 983.255 PUE 1912  |2 21 
245 1 3 |a El puerto de Valparaíso:  |b  memoria dedicada al alto comercio de Valparaíso 
260 |a Santiago, Chile  |b Universitaria  |c 1912 
300 |a 60 páginas 
583 |a last modification  |c 20000608 00:00:00  |k Rodrigo Vera 
650 0 |a Ciudades  |z VALPARAISO  |9 265474 
650 0 |a Historia  |z VALPARAISO  |9 255047 
650 7 |a MEMORIAS  |2 CL-VaPUC  |9 269159  |z VALPARAISO  |z CHILE 
852 |a BIBCUR 
942 |c BK  |2 ddc 
945 |d 20000608 00:00:00  |a crobeson 
952 |0 0  |1 0  |2 ddc  |4 0  |6 983_255000000000000_PUE_1912  |7 0  |8 X  |9 337354  |a BIBHIS  |b BIBHIS  |d 2019-11-20  |i 1293818  |o 983.255 PUE 1912  |p 1293818  |r 2019-11-20  |t 1  |w 2019-11-20  |y BK_X  |k HIS